[Event "EIWCC 2017"]
[Site "Riga"]
[Date "2017.04.15"]
[Round "5"]
[White "Otikova, Elina"]
[Black "Mamedjarova, Turkan"]
[Result "0-1"]
[WhiteElo "2049"]
[BlackElo "2267"]
[Annotator "ChessBase"]
[PlyCount "162"]
[EventDate "2017.??.??"]
[EventType "swiss"]
[EventCountry "LAT"]
[SourceTitle "playchess.com"]
[Source "ChessBase"]
[SourceQuality "1"]
[TimeControl "40/5400+30:1800+30"]

1. e4 {[%emt 0:00:00]} e5 {[%emt 0:00:07]} 2. Nf3 {[%emt 0:00:00]} Nc6 {[%emt 0:00:05]} 3. Bc4 {[%emt 0:00:03]} Bc5 {[%emt 0:00:06]} 4. c3 {[%emt 0:00:14]} Nf6 {[%emt 0:00:10]} 5. d3 {[%emt 0:00:15]} d6 {[%emt 0:00:26]} 6. a4 {[%emt 0:00:26]} a5 {[%emt 0:01:17]} 7. Na3 {[%emt 0:00:23]} O-O {[%emt 0:02:15]} 8. Nc2 {[%emt 0:01:42]} Ba7 {[%emt 0:10:38]} 9. O-O {[%emt 0:01:40]} Ne7 {[%emt 0:05:02]} 10. Ne3 {[%emt 0:10:14]} c6 {[%emt 0:02:10]} 11. Bb3 {[%emt 0:03:42]} Ng6 {[%emt 0:06:25]} 12. Nc4 {[%emt 0:06:16]} h6 {[%emt 0:07:30]} 13. h3 {[%emt 0:07:20]} Bb8 {[%emt 0:10:07]} 14. Re1 {[%emt 0:20:47]} Re8 {[%emt 0:02:59]} 15. Be3 {[%emt 0:01:28]} Bc7 {[%emt 0:00:15]} 16. d4 {[%emt 0:07:14]} exd4 {[%emt 0:03:49]} 17. Bxd4 {[%emt 0:02:13]} Nxe4 {[%emt 0:01:57]} 18. Ncd2 {[%emt 0:07:30]} d5 {[%emt 0:02:29]} 19. Nxe4 {[%emt 0:01:44]} dxe4 {[%emt 0:07:58]} 20. Nd2 {[%emt 0:00:42]} Qd6 {[%emt 0:02:39]} 21. g3 {[%emt 0:02:24]} e3 {[%emt 0:17:03]} 22. Rxe3 {[%emt 0:00:19]} Rxe3 {[%emt 0:00:22]} 23. Bxe3 {[%emt 0:00:07]} Bxh3 {[%emt 0:00:24]} 24. Qh5 {[%emt 0:02:44]} Be6 {[%emt 0:00:22]} 25. Bc2 {[%emt 0:05:22]} Qd5 {[%emt 0:00:26]} 26. Bxg6 {[%emt 0:00:42]} fxg6 {[%emt 0:00:02]} 27. Qxg6 {[%emt 0:00:48]} Bf5 {[%emt 0:02:14]} 28. Qh5 {[%emt 0:00:12]} Rf8 {[%emt 0:01:58]} 29. Qh4 {[%emt 0:05:10]} Re8 {[%emt 0:01:34]} 30. Qd4 {[%emt 0:02:10]} Qf7 {[%emt 0:00:23]} 31. Re1 {[%emt 0:02:01]} Qg6 {[%emt 0:01:08]} 32. Qh4 {[%emt 0:00:56]} Bg4 {[%emt 0:00:24]} 33. Kg2 {[%emt 0:04:41]} Bb6 {[%emt 0:05:28]} 34. Nf1 {[%emt 0:02:25]} Bd8 {[%emt 0:01:56]} 35. Qh2 {[%emt 0:00:33]} Qe4+ {[%emt 0:00:48]} 36. Kg1 {[%emt 0:00:08]} Qxa4 {[%emt 0:00:38]} 37. f4 {[%emt 0:01:35]} Qb5 {[%emt 0:01:12]} 38. Qd2 {[%emt 0:00:23]} Bb6 {[%emt 0:01:29]} 39. Kg2 {[%emt 0:00:40]} Bc7 {[%emt 0:01:50]} 40. Nh2 {[%emt 0:00:00]} Bf5 {[%emt 0:00:35]} 41. Nf3 {[%emt 0:03:27]} Bg4 {[%emt 0:07:11]} 42. Bd4 {[%emt 0:03:53]} Rxe1 {[%emt 0:02:20]} 43. Nxe1 {[%emt 0:03:02]} Qd5+ {[%emt 0:00:31]} 44. Kg1 {[%emt 0:00:57]} Bf5 {[%emt 0:04:11]} 45. Qe2 {[%emt 0:01:51]} c5 {[%emt 0:02:22]} 46. Bf2 {[%emt 0:00:15]} Kh7 {[%emt 0:02:00]} 47. c4 {[%emt 0:03:10]} Qc6 {[%emt 0:00:48]} 48. Nd3 {[%emt 0:01:34]} b6 {[%emt 0:00:23]} 49. b3 {[%emt 0:00:49]} a4 {[%emt 0:00:36]} 50. bxa4 {[%emt 0:00:48]} Qxa4 {[%emt 0:01:15]} 51. g4 {[%emt 0:00:24]} Qa1+ {[%emt 0:01:15]} 52. Kg2 {[%emt 0:00:41]} Qa8+ {[%emt 0:01:51]} 53. Kg1 {[%emt 0:02:15]} Qe4 {[%emt 0:01:03]} 54. Qxe4 {[%emt 0:02:04]} Bxe4 {[%emt 0:00:01]} 55. Ne5 {[%emt 0:00:17]} Bxe5 {[%emt 0:01:12]} 56. fxe5 {[%emt 0:00:02]} Bd3 {[%emt 0:05:30]} 57. Kg2 {[%emt 0:06:13]} Kg8 {[%emt 0:02:06]} 58. Kf3 {[%emt 0:02:49]} Kf7 {[%emt 0:00:43]} 59. Ke3 {[%emt 0:04:18]} Bxc4 {[%emt 0:00:05]} 60. Ke4 {[%emt 0:00:10]} Ke6 {[%emt 0:02:24]} 61. g5 {[%emt 0:00:41]} hxg5 {[%emt 0:00:36]} 62. Bg3 {[%emt 0:02:53]} Bd5+ {[%emt 0:01:07]} 63. Kd3 {[%emt 0:00:06]} Kf5 {[%emt 0:00:53]} 64. e6 {[%emt 0:00:42]} Kxe6 {[%emt 0:00:37]} 65. Bc7 {[%emt 0:00:48]} b5 {[%emt 0:00:06]} 66. Bb6 {[%emt 0:00:23]} Kd6 {[%emt 0:00:12]} 67. Bd8 {[%emt 0:00:42]} g4 {[%emt 0:00:20]} 68. Bh4 {[%emt 0:00:05]} Bf3 {[%emt 0:00:16]} 69. Be1 {[%emt 0:00:24]} Kd5 {[%emt 0:00:11]} 70. Kc3 {[%emt 0:00:14]} b4+ {[%emt 0:01:18]} 71. Kb3 {[%emt 0:01:29]} Bd1+ {[%emt 0:00:11]} 72. Kb2 {[%emt 0:00:08]} Ke4 {[%emt 0:00:20]} 73. Bf2 {[%emt 0:00:40]} Kd5 {[%emt 0:01:19]} 74. Be1 {[%emt 0:00:38]} Kc4 {[%emt 0:00:06]} 75. Bf2 {[%emt 0:00:22]} Kb5 {[%emt 0:00:26]} 76. Kc1 {[%emt 0:00:22]} Bf3 {[%emt 0:00:08]} 77. Kb2 {[%emt 0:00:41]} c4 {[%emt 0:00:12]} 78. Kc1 {[%emt 0:00:21]} c3 {[%emt 0:00:16]} 79. Kc2 {[%emt 0:00:43]} Kc4 {[%emt 0:00:09]} 80. Bg3 {[%emt 0:00:28]} Be4+ {[%emt 0:00:11]} 81. Kc1 {[%emt 0:00:08]} b3 {[%emt 0:00:21]} 0-1

[Event "EIWCC 2017"]
[Site "Riga"]
[Date "2017.04.15"]
[Round "5"]
[White "Kouvatsou, Maria"]
[Black "Stetsko, Lanita"]
[Result "0-1"]
[WhiteElo "2016"]
[BlackElo "2226"]
[Annotator "NA"]
[PlyCount "94"]
[EventDate "2017.??.??"]
[EventType "swiss"]
[EventCountry "LAT"]
[SourceTitle "playchess.com"]
[Source "ChessBase"]
[SourceQuality "1"]
[TimeControl "40/5400+30:1800+30"]

1. e4 {[%emt 0:00:00]} e5 {[%emt 0:00:06]} 2. Nf3 {[%emt 0:00:03]} Nc6 {[%emt 0:00:06]} 3. Bc4 {[%emt 0:00:06]} Bc5 {[%emt 0:00:08]} 4. O-O {[%emt 0:00:25]} Nf6 {[%emt 0:00:55]} 5. d3 {[%emt 0:00:06]} d6 {[%emt 0:00:50]} 6. c3 {[%emt 0:01:16]} O-O {[%emt 0:04:54]} 7. b4 {[%emt 0:02:47]} Bb6 {[%emt 0:00:06]} 8. a4 {[%emt 0:00:05]} a5 {[%emt 0:00:31]} 9. b5 {[%emt 0:00:46]} Ne7 {[%emt 0:00:13]} 10. Nbd2 {[%emt 0:04:41]} c6 {[%emt 0:04:50]} 11. Ba2 {[%emt 0:09:14]} Ng6 {[%emt 0:00:46]} 12. Nc4 {[%emt 0:02:20]} Bc7 {[%emt 0:01:37]} 13. Re1 {[%emt 0:01:51]} Re8 {[%emt 0:02:07]} 14. Ne3 $15 {[%emt 0:11:40]} d5 {[%emt 0:06:25]} 15. exd5 {[%emt 0:04:55]} cxd5 {[%emt 0:14:15]} 16. c4 {[%emt 0:12:55]} d4 {[%emt 0:09:13]} 17. Nd5 {[%emt 0:00:53]} Nxd5 {[%emt 0:04:19]} 18. cxd5 {[%emt 0:00:06]} h6 {[%emt 0:09:05]} 19. Bc4 {[%emt 0:15:35]} Bd6 {[%emt 0:10:16]} 20. Ra2 {[%emt 0:06:25]} Bg4 {[%emt 0:01:17]} 21. h3 {[%emt 0:00:31]} Bd7 {[%emt 0:00:10]} 22. Nh2 {[%emt 0:03:36]} e4 {[%emt 0:01:53]} 23. Nf1 {[%emt 0:01:47]} Rc8 {[%emt 0:02:34]} 24. Rc2 {[%emt 0:04:13]} Bf5 {[%emt 0:08:17]} 25. Rce2 {[%emt 0:00:40]} Nh4 {[%emt 0:08:35]} 26. Ng3 {[%emt 0:04:05]} e3 {[%emt 0:02:59]} 27. Nxf5 {[%emt 0:02:17]} Nxf5 {[%emt 0:00:02]} 28. fxe3 {[%emt 0:00:45]} dxe3 {[%emt 0:04:24]} 29. g4 {[%emt 0:08:24]} Qg5 {[%emt 0:00:10]} 30. Rg2 {[%emt 0:00:13]} Nh4 {[%emt 0:00:28]} 31. Rc2 {[%emt 0:00:47]} Qf4 {[%emt 0:00:36]} 32. Ree2 {[%emt 0:01:07]} Qg3+ {[%emt 0:00:18]} 33. Kh1 {[%emt 0:00:17]} Qxh3+ {[%emt 0:00:19]} 34. Rh2 {[%emt 0:00:45]} Bxh2 {[%emt 0:00:07]} 35. Rxh2 {[%emt 0:00:04]} Qf3+ {[%emt 0:00:32]} 36. Qxf3 {[%emt 0:00:01]} Nxf3 {[%emt 0:00:05]} 37. Re2 {[%emt 0:00:35]} Ne5 {[%emt 0:02:02]} 38. d6 {[%emt 0:00:33]} Rcd8 {[%emt 0:00:59]} 39. Rxe3 {[%emt 0:00:26]} Nxc4 {[%emt 0:00:36]} 40. dxc4 {[%emt 0:00:00]} Rxe3 {[%emt 0:00:07]} 41. Bxe3 {[%emt 0:00:49]} Rxd6 {[%emt 0:00:03]} 42. c5 {[%emt 0:05:05]} Rd3 {[%emt 0:00:45]} 43. Bf4 {[%emt 0:01:47]} Rd4 {[%emt 0:00:40]} 44. Bd6 {[%emt 0:01:44]} Rxa4 {[%emt 0:00:30]} 45. c6 {[%emt 0:00:42]} bxc6 {[%emt 0:00:05]} 46. bxc6 {[%emt 0:00:11]} Rc4 {[%emt 0:00:08]} 47. c7 {[%emt 0:00:04]} a4 {[%emt 0:00:09]} 0-1

[Event "EIWCC 2017"]
[Site "Riga"]
[Date "2017.04.15"]
[Round "5"]
[White "Heinatz, Maria"]
[Black "Ambartsumova, Karina"]
[Result "0-1"]
[WhiteElo "1990"]
[BlackElo "2282"]
[Annotator "NA"]
[PlyCount "94"]
[EventDate "2017.??.??"]
[EventType "swiss"]
[EventCountry "LAT"]
[SourceTitle "playchess.com"]
[Source "ChessBase"]
[SourceQuality "1"]
[TimeControl "40/5400+30:1800+30"]

1. e4 {[%emt 0:00:00]} d6 {[%emt 0:00:21]} 2. d4 {[%emt 0:00:00]} Nf6 {[%emt 0:00:17]} 3. Nc3 {[%emt 0:00:21]} Nbd7 {[%emt 0:01:16]} 4. Nf3 {[%emt 0:02:48]} e5 {[%emt 0:00:08]} 5. Bc4 {[%emt 0:01:24]} Be7 {[%emt 0:00:20]} 6. O-O {[%emt 0:00:38]} O-O {[%emt 0:00:15]} 7. Re1 {[%emt 0:02:19]} a6 {[%emt 0:03:02]} 8. a4 {[%emt 0:01:32]} b6 {[%emt 0:01:05]} 9. Bg5 {[%emt 0:06:35]} c6 {[%emt 0:13:27]} 10. Qd2 {[%emt 0:07:19]} Bb7 $14 {[%emt 0:06:58]} 11. Ba2 {[%emt 0:03:31] LiveBook: 5 Games} b5 {[%emt 0:02:25]} 12. Rad1 {[%emt 0:05:06]} Qc7 {[%emt 0:21:32]} 13. Nh4 {[%emt 0:07:14]} g6 {[%emt 0:14:28]} 14. Bh6 {[%emt 0:14:11]} exd4 {[%emt 0:04:18]} 15. Qxd4 {[%emt 0:01:11]} Rfe8 {[%emt 0:01:34]} 16. Bg5 {[%emt 0:10:38]} c5 {[%emt 0:06:39]} 17. Qd2 {[%emt 0:01:02]} b4 {[%emt 0:01:33]} 18. Nd5 {[%emt 0:01:49]} Bxd5 {[%emt 0:02:59]} 19. Bxd5 {[%emt 0:00:44]} Nxd5 {[%emt 0:00:06]} 20. exd5 {[%emt 0:00:35]} Bf8 {[%emt 0:01:14]} 21. Bh6 {[%emt 0:03:49]} Bxh6 {[%emt 0:07:50]} 22. Qxh6 {[%emt 0:00:02]} Nf8 {[%emt 0:00:09]} 23. b3 {[%emt 0:03:36]} Re7 {[%emt 0:01:46]} 24. Qg5 {[%emt 0:04:48]} Rae8 {[%emt 0:00:10]} 25. Kf1 {[%emt 0:01:11]} Re5 {[%emt 0:01:23]} 26. Qf6 {[%emt 0:01:01]} Nd7 {[%emt 0:00:55]} 27. Qf3 {[%emt 0:00:38]} Qb7 {[%emt 0:05:05]} 28. Rxe5 {[%emt 0:05:48]} Rxe5 {[%emt 0:00:01]} 29. Rd3 {[%emt 0:01:27]} Kg7 {[%emt 0:01:16]} 30. Qd1 {[%emt 0:01:15]} Nf6 {[%emt 0:00:23]} 31. f4 {[%emt 0:00:37]} Rxd5 {[%emt 0:00:34]} 32. Qf3 {[%emt 0:00:18]} a5 {[%emt 0:02:01]} 33. g4 {[%emt 0:01:38]} Qa6 {[%emt 0:00:33]} 34. g5 {[%emt 0:00:36]} Ng4 {[%emt 0:00:01]} 35. Kg1 {[%emt 0:04:52]} Rxd3 {[%emt 0:00:13]} 36. cxd3 {[%emt 0:00:05]} Qc8 {[%emt 0:01:28]} 37. h3 {[%emt 0:00:20]} c4 {[%emt 0:00:03]} 38. dxc4 {[%emt 0:01:46]} Qc5+ {[%emt 0:00:03]} 39. Kh1 {[%emt 0:00:52]} Ne3 {[%emt 0:00:19]} 40. Ng2 {[%emt 0:00:00]} Nf5 {[%emt 0:01:13]} 41. Ne1 {[%emt 0:07:00]} Qd4 {[%emt 0:03:46]} 42. Nd3 {[%emt 0:12:22]} Qc3 {[%emt 0:11:23]} 43. Qd5 {[%emt 0:00:10]} Qxb3 {[%emt 0:00:48]} 44. Ne5 {[%emt 0:00:54]} Qxh3+ {[%emt 0:00:33]} 45. Kg1 {[%emt 0:00:04]} Qg3+ {[%emt 0:00:20]} 46. Kh1 {[%emt 0:00:10]} Qe1+ {[%emt 0:00:08]} 47. Kh2 {[%emt 0:00:28]} Qf2+ {[%emt 0:00:11]} 0-1

[Event "EIWCC 2017"]
[Site "Riga"]
[Date "2017.04.15"]
[Round "5"]
[White "Limanovska, Elizabete"]
[Black "Balaian, Alina"]
[Result "0-1"]
[WhiteElo "1990"]
[BlackElo "2229"]
[Annotator "NA"]
[PlyCount "78"]
[EventDate "2017.??.??"]
[EventType "swiss"]
[EventCountry "LAT"]
[SourceTitle "playchess.com"]
[Source "ChessBase"]
[SourceQuality "1"]
[TimeControl "40/5400+30:1800+30"]

1. e4 {[%emt 0:00:00]} e6 {[%emt 0:00:05]} 2. d4 {[%emt 0:00:00]} d5 {[%emt 0:00:05]} 3. Nd2 {[%emt 0:00:00]} c5 {[%emt 0:00:08]} 4. exd5 {[%emt 0:00:00]} Qxd5 {[%emt 0:00:05]} 5. Ngf3 {[%emt 0:00:02]} cxd4 {[%emt 0:00:10]} 6. Bc4 {[%emt 0:00:05]} Qd6 {[%emt 0:00:04]} 7. O-O {[%emt 0:00:22]} Nf6 {[%emt 0:00:12]} 8. Nb3 {[%emt 0:00:33]} Nc6 {[%emt 0:00:11]} 9. Nbxd4 {[%emt 0:00:34]} Nxd4 {[%emt 0:00:07]} 10. Nxd4 {[%emt 0:00:19]} a6 {[%emt 0:00:07]} 11. Bb3 {[%emt 0:02:18]} Qc7 {[%emt 0:00:38]} 12. Re1 {[%emt 0:03:00]} Bd6 {[%emt 0:00:15]} 13. Nf5 {[%emt 0:10:55]} Bxh2+ {[%emt 0:00:10]} 14. Kh1 {[%emt 0:00:08]} O-O {[%emt 0:00:05]} 15. Nxg7 {[%emt 0:02:54]} Rd8 {[%emt 0:00:07]} 16. Qf3 {[%emt 0:03:57]} Kxg7 {[%emt 0:00:10]} 17. Bh6+ {[%emt 0:06:38]} Kg6 {[%emt 0:00:08]} 18. c3 {[%emt 0:07:04]} Nh5 {[%emt 0:00:21]} 19. Re4 $11 {[%emt 0:27:20] LiveBook: 4 Games} (19. Bc1 $14 f5 20. g3 Bxg3 21. fxg3 (21. Rg1 $2 b5 22. Rxg3+ Nxg3+ 23. Qxg3+ Qxg3 24. fxg3 a5 $19)) 19... f5 $2 {[%emt 0:02:58]} (19... Kxh6 $11 {and Black has nothing to worry.} 20. Rh4 Qe5 21. Rxh2 Bd7 22. Qxf7 Bc6) 20. Rh4 {[%emt 0:05:51]} Nf6 {[%emt 0:00:17]} 21. Rxh2 {[%emt 0:02:55]} Ng4 {[%emt 0:16:50]} 22. Rh3 {[%emt 0:01:17]} Rd3 {[%emt 0:17:41]} 23. Bf4 {[%emt 0:06:44]} Rxf3 {[%emt 0:06:26]} 24. Bxc7 {[%emt 0:00:15]} Rxf2 {[%emt 0:02:06]} 25. Rd3 {[%emt 0:01:56]} b5 {[%emt 0:02:19]} 26. Rd6 {[%emt 0:03:47]} Rxb2 {[%emt 0:05:39]} 27. Bd5 {[%emt 0:02:10]} Ra7 {[%emt 0:01:44]} 28. Bb6 {[%emt 0:00:13]} Re7 {[%emt 0:04:45]} 29. Re1 {[%emt 0:03:16]} Kh5 {[%emt 0:05:46]} 30. Bc6 {[%emt 0:05:31]} e5 {[%emt 0:06:31]} 31. a4 {[%emt 0:01:31]} bxa4 {[%emt 0:01:43]} 32. Bc5 {[%emt 0:00:22]} Re6 {[%emt 0:02:21]} 33. Rxe6 {[%emt 0:01:38]} Bxe6 {[%emt 0:00:02]} 34. Be8+ {[%emt 0:00:08]} Kh4 {[%emt 0:00:53]} 35. Be7+ {[%emt 0:00:33]} Kg3 {[%emt 0:00:09]} 36. Bc6 {[%emt 0:00:42]} Bc4 {[%emt 0:08:46]} 37. Bf3 {[%emt 0:00:32]} Nf2+ {[%emt 0:01:25]} 38. Kg1 {[%emt 0:00:03]} Nd3 {[%emt 0:01:18]} 39. Ra1 {[%emt 0:00:31]} Rc2 {[%emt 0:04:16]} 0-1

[Event "EIWCC 2017"]
[Site "Riga"]
[Date "2017.04.15"]
[Round "5"]
[White "Chan, Naruna"]
[Black "Bodnaruk, Anastasia"]
[Result "1/2-1/2"]
[WhiteElo "1981"]
[BlackElo "2446"]
[Annotator "TA"]
[PlyCount "115"]
[EventDate "2017.??.??"]
[EventType "swiss"]
[EventCountry "LAT"]
[SourceTitle "playchess.com"]
[Source "ChessBase"]
[SourceQuality "1"]

{[%evp 18,115,14,2,60,41,124,46,39,33,66,45,54,52,144,116,165,162,167,167,162,159,176,170,175,173,192,154,150,106,98,116,116,103,110,83,82,77,81,92,87,73,70,62,83,62,66,62,190,61,130,133,122,105,133,94,101,72,81,75,74,61,68,68,75,75,75,75,85,54,54,54,54,54,61,61,61,25,31,32,36,27,61,54,54,16,53,53,53,53,53,0,53,14,53,20,53,53,53,0]} 1. e4 d6 2. d4 g6 3. Nc3 Bg7 4. f4 Nf6 5. Nf3 O-O 6. Be2 c5 7. dxc5 Qa5 8. O-O Qxc5+ 9. Kh1 Nc6 10. Bd3 e5 {B09: Pirc Defence: Austrian Attack} (10... Qh5 $11) 11. Qe1 a6 $146 (11... exf4 $14 12. Bxf4 Bg4) (11... exf4 12. Bxf4 d5 13. Qh4 dxe4 14. Ng5 Bf5 15. Bd6 Qd4 16. Bxf8 exd3 17. Qxd4 Nxd4 18. Bxg7 Kxg7 19. cxd3 Bxd3 {1-0 (40) Sax,G (2600)-Nikolic,P (2600) Manila 1990}) 12. Qh4 (12. Be3 $16 Nd4 13. Qh4) 12... exf4 $1 $14 13. Bxf4 Nh5 14. Bg5 {Nd5 is the strong threat.} h6 15. Bd2 Bf6 (15... Be6 $14) 16. Qe1 $1 $16 Bg7 17. Na4 $1 $36 {[%cal Ra4c5][%mdl 2048] White has strong initiative.} Qa7 18. Be3 Qb8 19. Nb6 Be6 20. Nxa8 Qxa8 21. c3 Qc8 22. Nd4 Ne5 23. Nxe6 Nxd3 24. Qd2 Qxe6 25. Qxd3 Nf6 26. Bd4 Nxe4 27. Bxg7 Kxg7 28. Qd4+ Kg8 29. Kg1 f5 30. Rfe1 Rc8 31. Qb6 Qe7 32. Rad1 Rc5 {[#]} (32... Kh7 $14) 33. Qb3+ ({Only move:} 33. Rxe4 $1 $18 {[%mdl 512]} fxe4 (33... Qxe4 34. Qxd6) 34. Rxd6) 33... Qf7 ({Black should try} 33... Kf8 $14) 34. Qxf7+ Kxf7 {[%mdl 4096] Endgame KRR-KRN} 35. Rd4 a5 36. c4 Ke6 37. Red1 b5 38. b3 a4 39. Rd5 {Threatens to win with Rxc5.} (39. g4 $5 {creates asymmetry.} axb3 40. axb3 bxc4 41. Rxc4 Rxc4 42. gxf5+ Kxf5 43. bxc4 g5 44. Rd3) 39... axb3 40. Rxc5 dxc5 41. axb3 bxc4 42. bxc4 $14 {KR-KN} Nd6 43. Rc1 f4 44. Kf2 g5 45. Ke2 g4 46. Kd3 {And now Ra1 would win.} Kf5 47. Ra1 {Black must now prevent Ra8.} Nf7 $1 48. Ra5 Ne5+ 49. Ke2 Nxc4 50. Rxc5+ Ne5 51. Rc8 h5 52. Rf8+ Kg5 $1 53. Rg8+ Kf5 54. Rf8+ Kg5 $1 55. Ra8 h4 56. Rg8+ Kf5 57. Rf8+ Kg5 58. Rg8+ ({White should play} 58. h3 $14) 1/2-1/2

[Event "EIWCC 2017"]
[Site "Riga"]
[Date "2017.04.15"]
[Round "5"]
[White "Gundogan, Sinem Cagla"]
[Black "Zaksaite, Salomeja"]
[Result "0-1"]
[WhiteElo "1885"]
[BlackElo "2262"]
[Annotator "NA"]
[PlyCount "66"]
[EventDate "2017.??.??"]
[EventType "swiss"]
[EventCountry "LAT"]
[SourceTitle "playchess.com"]
[Source "ChessBase"]
[SourceQuality "1"]
[TimeControl "40/5400+30:1800+30"]

1. e4 {[%emt 0:00:00]} c5 {[%emt 0:00:50]} 2. Nc3 {[%emt 0:00:00]} Nc6 {[%emt 0:00:18]} 3. g3 {[%emt 0:00:00]} g6 {[%emt 0:00:14]} 4. Bg2 {[%emt 0:00:00]} Bg7 {[%emt 0:00:05]} 5. d3 {[%emt 0:00:04]} d6 {[%emt 0:00:20]} 6. Be3 {[%emt 0:03:11]} e5 {[%emt 0:00:11]} 7. Nh3 {[%emt 0:02:24]} Nge7 {[%emt 0:00:24]} 8. O-O {[%emt 0:00:10]} O-O {[%emt 0:00:50]} 9. f4 {[%emt 0:00:50]} exf4 {[%emt 0:11:59]} 10. Nxf4 {[%emt 0:00:59]} Ne5 {[%emt 0:00:20] LiveBook: 7 Games} 11. Nfd5 {[%emt 0:11:05]} Nxd5 {[%emt 0:00:40]} 12. Nxd5 {[%emt 0:03:35]} Ng4 {[%emt 0:02:02]} 13. Bc1 {[%emt 0:09:39]} Be6 {[%emt 0:06:31]} 14. c3 {[%emt 0:02:24]} Re8 {[%emt 0:13:21]} 15. h3 $11 {[%emt 0:05:10]} Ne5 {[%emt 0:03:32]} 16. Bf4 {[%emt 0:03:43]} Bxd5 {[%emt 0:06:56]} 17. exd5 {[%emt 0:00:09]} Qb6 {[%emt 0:00:02]} 18. Qd2 {[%emt 0:06:19]} Nxd3 {[%emt 0:01:12]} 19. Be3 {[%emt 0:16:01]} Nxb2 {[%emt 0:07:10]} 20. Rab1 {[%emt 0:13:05]} Nc4 {[%emt 0:00:47]} 21. Qf2 {[%emt 0:00:06]} Qc7 {[%emt 0:00:21]} 22. Bd2 {[%emt 0:00:32]} Nxd2 {[%emt 0:07:46]} 23. Qxd2 {[%emt 0:00:05]} c4 {[%emt 0:00:05]} 24. Rf3 {[%emt 0:04:05]} Re7 {[%emt 0:02:46]} 25. Kh2 {[%emt 0:01:00]} Rae8 {[%emt 0:00:08]} 26. Bf1 {[%emt 0:00:15]} Qc5 {[%emt 0:05:06]} 27. Rb4 {[%emt 0:04:08]} b5 {[%emt 0:00:28]} 28. a4 {[%emt 0:02:14]} a6 {[%emt 0:00:04]} 29. axb5 {[%emt 0:00:20]} axb5 {[%emt 0:00:02]} 30. Qb2 {[%emt 0:04:11]} Qxd5 {[%emt 0:00:50]} 31. Rf2 {[%emt 0:00:06]} Re5 {[%emt 0:02:13]} 32. Bg2 {[%emt 0:00:03]} Qc5 {[%emt 0:05:43]} 33. Qd2 {[%emt 0:02:00]} Bh6 {[%emt 0:09:02]} 0-1

[Event "EIWCC 2017"]
[Site "Riga"]
[Date "2017.04.15"]
[Round "5"]
[White "Maklakova, Nellija"]
[Black "Lickrastina, Agnese"]
[Result "1/2-1/2"]
[WhiteElo "1829"]
[BlackElo "2223"]
[Annotator "TA"]
[PlyCount "42"]
[EventDate "2017.??.??"]
[EventType "swiss"]
[EventCountry "LAT"]
[SourceTitle "playchess.com"]
[Source "ChessBase"]
[SourceQuality "1"]

{[%evp 1,1,16]} 1. e4 e5 $146 (1... c5 2. Nf3 e6 3. b3 b6 4. Bb2 Bb7 5. Nc3 Nc6 6. g3 Nd4 7. Bg2 Nxf3+ 8. Qxf3 Ne7 9. O-O-O Nc6 10. Ne2 e5 11. Qg4 h5 12. Qh3 d6 13. f4 Bc8 {1-0 (39) Onischuk,V (2601)-Vitiugov,N (2726) Doha 2016}) 2. Nf3 Nc6 3. Bb5 a6 4. Ba4 Nf6 5. O-O b5 6. Bb3 Be7 7. Re1 O-O 8. c3 d6 9. h3 Bb7 10. d4 h6 11. Nbd2 $146 Re8 12. a3 Bf8 13. Ba2 Nb8 14. Qb3 Qd7 15. Qc2 c5 16. b4 c4 17. d5 a5 18. Nf1 Na6 19. Bd2 Nc7 20. Rad1 axb4 21. axb4 g6 {0-1 (67) Liang,A (2478)-Gareev,T (2615) Saint Louis 2016} 1/2-1/2

[Event "EIWCC 2017"]
[Site "Riga"]
[Date "2017.04.16"]
[Round "6"]
[White "Muzychuk, Mariya"]
[Black "Danielian, Elina"]
[Result "1/2-1/2"]
[WhiteElo "2546"]
[BlackElo "2437"]
[Annotator "TA"]
[PlyCount "67"]
[EventDate "2017.??.??"]
[EventType "swiss"]
[EventCountry "LAT"]
[SourceTitle "playchess.com"]
[Source "ChessBase"]
[SourceQuality "1"]

{[%evp 19,67,0,18,-10,-15,-14,-14,0,0,-24,-20,-24,-24,-26,-25,-36,-22,-40,-25,-22,-23,-41,-19,-51,-38,-50,-31,-43,0,-41,0,-19,0,0,0,0,0,-15,0,0,0,-1,0,0,13,0,0,0,0,0]} 1. d4 Nf6 2. c4 e6 3. g3 Bb4+ 4. Bd2 Be7 5. Bg2 d5 6. Nf3 O-O 7. O-O c6 8. Qc2 b6 9. Rd1 {E11: Bogo-Indian} (9. Bf4 Nbd7 10. Rd1 Ba6 11. cxd5 cxd5 12. Ne5 Nxe5 13. dxe5 Ng4 14. h3 Rc8 15. Nc3 Nxf2 16. Kxf2 Bc5+ 17. Ke1 f6 18. Qa4 fxe5 19. Bxe5 {0-1 (31) Inarkiev,E (2709)-Yu,Y (2729) Doha 2016}) 9... Bb7 10. Ne5 Nfd7 {LiveBook: 7 Games} (10... Nbd7 $5 {is more complex.} 11. Bf4 h6 12. h4 Nh5 13. Be3 Nhf6) 11. Bc3 Nxe5 12. dxe5 Qc7 13. Nd2 $146 (13. cxd5 cxd5 {0-1 (34) Schwalfenberg,J (2370)-Kasimdzhanov,R (2565) Germany 1998}) 13... Nd7 {[%cal Bb8d7,Bd7c5,Bc5e4][%mdl 32]} 14. cxd5 cxd5 15. Rac1 Rac8 ({Much weaker is} 15... Nxe5 $6 16. Bxe5 Qxe5 17. Qc7 $16) 16. Nf3 {[%cal Bd2f3,Bf3e1,Be1c2,Bc2d4][%mdl 32]} Qb8 17. e3 Nc5 18. Ne1 Ne4 19. Bxe4 dxe4 20. Qe2 Rfd8 21. Nc2 Bd5 22. a3 h6 23. Nd4 Qb7 24. Qg4 Qa6 25. Ne2 {The position is equal.} Bc4 26. Nf4 Bg5 27. Rd6 Bxf4 28. Qxf4 Bd5 29. Qh4 Re8 30. Qg4 Rc7 31. Rd1 Qb5 32. Rd4 Qb3 33. Qd1 Qxd1+ 34. Rxd1 1/2-1/2